|
|
|
|
| LEADER |
00783cam a2200217 7i4500 |
| 001 |
0000031377 |
| 005 |
20191017090000.0 |
| 008 |
100113 eng |
| 020 |
|
|
|a 9780521815185 (hbk.)
|
| 020 |
|
|
|a 0521815185 (hbk.)
|
| 040 |
|
|
|a DLC
|
| 090 |
0 |
0 |
|a QA901
|b .T38 2005
|
| 100 |
1 |
|
|a Tavoularis, Stavros
|
| 245 |
1 |
0 |
|a Measurement in fluid mechanics
|c Stavros Tavoularis.
|
| 260 |
|
|
|a Cambridge:
|b Cambridge University Press,
|c 2005.
|
| 300 |
|
|
|a xiii, 354 p.:
|b ill.;
|c 26 cm.
|
| 504 |
|
|
|a Includes bibliographical references and index
|
| 650 |
0 |
0 |
|a Fluid mechanics --
|x Measurement
|
| 997 |
|
|
|a Engineering & Life Sciences, Faculty
|b Engineering, Department
|
| 998 |
|
|
|a Mechanical Engineering, Degree
|
| 999 |
|
|
|a 0000035331
|b BOK
|c OPEN SHELF
|e 2nd Floor, Bestari Jaya
|